000 00369nam a2200169Ia 4500
008 240510s9999 xx 000 0 und d
041 _aEng
082 _a657
082 _bS63
245 0 _aSRI LANKA ACCOUNTING STANDARDS:1999
260 _bTHRANJEE : MAHARAGAMA
260 _c1999
300 _a665 p.
650 _aACCOUNTING
942 _2ddc
942 _cLBK
999 _c24316
_d24316
945 _a1
_bMadushi Gamage
_c1
_dMadushi Gamage